000 00923nam a22003617a 4500
005 20251121120051.0
008 160225b2015 xxu||||| |||| 00| 0 spa d
020 _a9788490864357
041 _aESP
082 _a363.256 5 B744L
100 _aBosquet Pastor, Sergio
_98976
245 _aLa lofoscopia y sus formas
260 _aEspaña
260 _bTirant lo blanch
260 _c2015
300 _a194 páginas
490 _aInvestigación Criminal
650 _aLOFOSCOPÍA
650 _aPAPILAS
650 _aLOFOGRAMAS
650 _aSISTEMAS DACTILOSCÓPICOS
650 _aSISTEMA EDWARD HENRY
650 _aSISTEMA OLORIZ
650 _aQUEILOSCOPÍA
650 _aHUELLAS LABIALES
650 _aPOROSCOPÍA
650 _aCRESTASCOPÍA
650 _aIDENTIFICACIÓN DE CADÁVERES
650 _aBIOMETRÍA
650 _aQUIROSCOPÍA
650 _aINFORME PERICIAL
942 _cBK
_2ddc
999 _c7707
_d7707